000 02278nam a2200241 a 4500
001 000027305
003 OSt
005 20240409180111.0
008 110331s1939 dr 000 0 spa d
040 _aDO-SdBNP
_bspa
_cBNPHU
049 _aBNPD
082 7 4 _a972.9304
_bR696g
_222
100 1 _aRodríguez Objío, Manuel,
_d1838-1871
_9887
245 1 0 _aGregorio Luperón e historia de la Restauración /
_cManuel Rodríguez Objío.
260 _aSantiago, República Dominicana :
_bEl Diario,
_c1939.
300 _a2 v. ;
_c22 cm.
505 2 _gv.1.
_tNota biográfica /
_rLuis E. Alemar --
_tDos cartas --
_tPrólogo /
_rManuel R. Objío --
_tIntroducción --
_gCapítulo primero.
_tAntes de 1863 --
_gCapítulo segundo.
_tPrimer episodio de la Restauración --
_gCapítulo tercero.
_tEl 16 de agosto --
_gCapítulo cuarto.
_tGobierno provisorio de Salcedo --
_gCapítulo quinto.
_tCampaña de Baní --
_gCapítulo sexto.
_tLa confinación de Luperón a Sabaneta --
_gCapítulo séptimo.
_tSegunda campaña del Este --
_gCapítulo octavo.
_tDocumentos, campaña de Este --
_gCapítulo noveno.
_tMuerte de Salcedo --
_gCapítulo décimo --
_tDictadura del gobierno de Polanco --
_gCapítulo undécimo.
_tUn artículo del Boletín Oficial --
_gCapítulo duodécimo.
_tLa primera reforma reaccionaria --
_gSegunda época.
_gCapítulo primero.
_tLa Segunda República --
_gCapítulo segundo.
_tLuperón en el destierro --
505 2 _gv.2. Segunda época. (Continuación) --
_gCapítulo tercero.
_tRelaciones con Haití --
_gCapítulo cuarto.
_tEl Triunvirato en Santo Domingo: su renuncia --
_gCapítulo quinto.
_tEl Partido Nacional en el poder --
_gCapítulo sexto.
_tLos baecistas derrocan a Cabral --
_gTercera época.
_gCapítulo primero.
_tContrarrevolución de los proscritos --
_gCapítulo segundo.
_tLuperón dirige el Movimiento Nacionalista --
_gCapítulo tercero.
_tProyectos, intrigas y desavenencias --
_gCapítulo cuarto.
_tActividades de la causa nacional --
_gCapítulo quinto.
_tOdisea y complicaciones del "Telégrafo" --
_gCapítulo sexto.
_tAgitaciones contra la anexión a los Estados Unidos --
_tPost scriptum.
600 1 0 _aLuperón, Gregorio,
_d1839-1897
_9888
651 0 _aREPÚBLICA DOMINICANA
_xHISTORIA
_yRESTAURACIÓN 1863-1865
_9896
910 _aValidado. Control de calidad BNPHU
942 _2ddc
_cLBS1
999 _c26797
_d26797